Music Quiz

Random Music or Clip Quiz

Led Zeppelin Riff Challenge Quiz Stats

 Plays Quiz not verified by Sporcle

Also try: Led Zeppelin Songs
Challenge
Share
Tweet
Score 0/25 Timer 09:00
0 Plays Today
Time Interval Song % Correct
0:40-0:50Kashmir
90%
3:50-4:00Stairway to Heaven
82.8%
0:50-1:00Dazed and Confused
82.7%
1:50-2:00Black Dog
82.7%
1:40-1:50Whole Lotta Love
82.3%
2:30-2:40Immigrant Song
80.1%
0:10-0:20Good Times Bad Times
77.3%
0:00-0:10Communication Breakdown
76.4%
2:00-2:10Rock and Roll
75.8%
0:30-0:40D'yer Mak'er
69.2%
2:10-2:20Heartbreaker
64.7%
1:00-1:10Over the Hills and Far Away
64.6%
3:20-3:30Ramble On
63.8%
Time Interval Song % Correct
1:10-1:20Babe I'm Gonna Leave You
57.1%
0:20-0:30Fool in the Rain
56.6%
2:40-2:50The Ocean
54.8%
2:20-2:30Living Loving Maid (She's Just a Woman)
52%
3:30-3:40Moby Dick
50.2%
4:00-4:10No Quarter
42.9%
3:40-3:50Achilles Last Stand
39.9%
2:50-3:00The Lemon Song
37.9%
1:20-1:30How Many More Times
33.1%
1:30-1:40In My Time of Dying
29.4%
3:00-3:10Custard Pie
26.3%
3:10-3:20The Rover
23.5%

You're not logged in!

Compare scores with friends on all Sporcle quizzes.
OR
Log In

You Might Also Like...

Show Comments

Extras

Top Quizzes Today


Score Distribution

Your Account Isn't Verified!

In order to create a playlist on Sporcle, you need to verify the email address you used during registration. Go to your Sporcle Settings to finish the process.

Report this User

Report this user for behavior that violates our Community Guidelines.

Details: